Science Quiz

Random Science or Letter Quiz
Score 0/30 Timer 05:00
0 Plays Today
Hint Answer % Correct
Elements E-HHydrogen
91.5%
Elements M-POxygen
89.4%
Elements E-HHelium
88.4%
Elements A-DCarbon
84.3%
Elements E-HGold
82.8%
Elements M-PNitrogen
76.4%
Elements I-LIron
71.5%
Elements U-ZUranium
69.3%
Elements A-DArgon
69.1%
Elements A-DBoron
66.1%
Elements M-PNeon
65.4%
Elements I-LLithium
65.3%
Elements M-PPotassium
62.7%
Elements Q-TSodium
60.9%
Elements U-ZZinc
60.7%
Hint Answer % Correct
Elements M-PMagnesium
59.6%
Elements A-DCopper
56.4%
Elements U-ZXenon
55%
Elements Q-TTin
53.7%
Elements A-DChlorine
52.1%
Elements I-LLead
50.5%
Elements I-LIodine
47.8%
Elements I-LKrypton
45.7%
Elements E-HFluorine
44.8%
Elements Q-TSulfur
41.2%
Elements Q-TSilicon
38.8%
Elements Q-TTitanium
38.6%
Elements E-HEinsteinium
29.6%
Elements U-ZYttrium
29.2%
Elements U-ZVanadium
24.9%
Remove Ads.
Support Sporcle.
Get the best of Sporcle when you Go Orange. This ad-free experience offers more features, more stats, and more fun while also helping to support Sporcle. Thank you for becoming a member.

You're not logged in!

Compare scores with friends on all Sporcle quizzes.
OR
Log In

Sporcle TV

Today on Sporcle TV


Watch our educational content, quiz creation guides, and fun videos on Sporcle TV.

Show Comments

Extras

Top Quizzes Today


Score Distribution

Paid Content

Your Account Isn't Verified!

In order to create a playlist on Sporcle, you need to verify the email address you used during registration. Go to your Sporcle Settings to finish the process.

Report this User

Report this user for behavior that violates our Community Guidelines.

Details: